| 000 | 00429nam a2200157Ia 4500 | ||
|---|---|---|---|
| 005 | 20250424120218.0 | ||
| 008 | 250424s9999 xx 000 0 und d | ||
| 022 | _a23155825 | ||
| 050 | _aK 1 .P18 .A105 | ||
| 245 | 0 | _aAbuja journal of private and comparative law | |
| 260 | _aAbuja | ||
| 260 | _bDepartment of Private and Islamic Law, Faculty of Abuja | ||
| 260 | _c2010/2011 | ||
| 300 | _aii, 207 p. ; 25 cm. | ||
| 942 | _cSR | ||
| 999 |
_c38022 _d38022 |
||